LDR 01000nam a2200229 4500 001 000000367430 003 CaOOAMICUS 005 20260424102730.0 008 260424s2005 xxu 000 u eng r 020 $a0-268-03489-3 040 $aSeMil$bita 100 1 $aMin, Anselm Kyongsuk,$d<1940- >.$0(OLS)http://semarc/name/121394 245 10$aPaths to the triune God :$ban encounter between Aquinas and recent theologies /$cAnselm K. Min. 264 1$aNotre Dame (Indiana) :$bUniversity of Notre Dame,$c2005. 300 $aVIII, 406 p. ;$c23 cm 850 $aSeMil 852 $aSeMil$W1$xVenegono$y1$B258128$CSeMilBibl$Z2$F258128 $81 961 $aBrambilla don Paolo - Omaggio 996 $6020$a0-268-03489-3$9(OLS)http://semarc/number/305736 996 $6245$aPaths to the triune God :$ban encounter between Aquinas and recent theologies$9(OLS)http://semarc/title/459360 996 $6264$aNotre Dame (Indiana) :$bUniversity of Notre Dame$9(OLS)http://semarc/publisher/63023